00982 2200301 4500001002100000005001500021035002500036007000300061008004100064020002200105040001700127082001500144084001800159100002900177245012300206250003400329260003300363300004600396500006300442500004000505650003100545700002000576700002000596850001200616090002100628041001300649990001800662INLIS00000000002625020190315012640 a0010-031700000000360ta170320r2009 xx a g 0 0 ind d a978-602-8512-20-6 aYOPDYOGbind04223a297.57 a297.57 AL-A b1 aal-Ajhuri, Usamah Husain aBerpikir, bermain, & bergembira /cUsamah Husain al-Ajhuri ; penerjemah, Sugeng Hariyadi ; penyunting, Budiman Mustofa aCetakan pertama, Agustus 20093 aSurakarta :bAl-Jadid,c2009 a183 halaman :bilustrasi, gambar ;c20 cm aTeks dalam bahasa Indonesia diterjemahkan dari bahasa Arab aJudul asli : Fakhir Wal'ab Wattasil 4aKehidupan beragama (Islam)0 aSugeng Hariyadi0 aBudiman Mustofa aYOPDYOG aPK 297.57 Al-A b1 aindhara a53650-PD/A.17